The story of the olympics: an unofficial history (Record no. 190525)

MARC details
000 -LÍDER
campo de controle de tamanho fixo 00393 a2200157 4500
001 - NÚMERO DE CONTROLE
campo de controle 190525
020 ## - ISBN - INTERNATIONAL STANDARD BOOK NUMBER
ISBN - International Standard Book Number 978-0-230-42224-7
040 ## - FONTE DA CATALOGAÇÃO
Instituição que transcreveu o registro Magnum
100 ## - ENTRADA PRINCIPAL--NOME PESSOAL
Nome pessoal Bladon, Rachel
240 10 - TÍTULO UNIFORME
Título uniforme The story of the olympics: an unofficial history
Idioma da obra ING
245 10 - TÍTULO
Título The story of the olympics: an unofficial history
300 ## - DESCRIÇÃO FÍSICA
Extensão 77
362 0# - DATAS DE PUBLICAÇÃO E/OU DESIGNAÇÃO SEQUENCIAL
Datas de publicação e/ou designação sequencial 2012
697 ## - ENTRADA DE ASSUNTO LOCAL--ENTIDADE COLETIVA (RLIN)
Nome corporativo ou nome da jurisdição LITERATURA INGLESA
942 ## - ELEMENTOS DE ENTRADA ADICIONADOS (KOHA)
Tipo de material Koha Livros
Holdings
Situação do descarte Situação das perdas Situação física Não pode ser emprestado Biblioteca de origem Biblioteca atual Data de aquisição Total de empréstimos Número de chamada completo Código de barras Data de último acesso Data do preço efetivo Tipo de material Koha
        Magnum Magnum 08/06/2024   890.1.243 MAG00067293 08/06/2024 08/06/2024 Livros